ბათუმის შოთა რუსთაველის სახელმწიფო უნივერსიტეტის ბიბლიოთეკა

ქართული ჟურნალისტიკის ნარკვევები. კრ. 1 / (ბიბ.ჩანაწერი № 37796)

000 -ლიდერი
ფიქსირებული სიგრძის საკონტროლო ველი 01313nam a2200241Ia 4500
001 - საკონტროლო ნომერი
საკონტროლო ველი 3773
003 - საკონტროლო ნომრის იდენტიფიკატორი
საკონტროლო ველი GE_BSU
005 - ბოლო ოპერაციის თარიღი და დრო
საკონტროლო ველი 20190807145625.0
008 - ფიქსირებული სიგრძის მონაცემთა ელემენტები - ზოგადი ინფორმაცია
ფიქსირებული სიგრძის საკონტროლო ველი 181216s1979||||ge |||||||||||||| ||geo||
040 ## - კატალოგიზაციის წყარო
Transcribing agency GE_BSU
041 ## - ენის კოდი
Language code of text/sound track or separate title geo
080 ## - უნივერსალური ათობითი კლასიფიკაციის ინდექსი
Universal Decimal Classification number 070(474.22) ქ–27
245 ## - ცნობა სათაურის შესახებ
Title ქართული ჟურნალისტიკის ნარკვევები. კრ. 1 /
Statement of responsibility, etc [რედ.: ალ. კალანდაძე, შ. რატიანი]; საქ. მეცნიერებათა აკადემია; შ. რუსთაველის სახ. ქართ. ლიტ-რის ისტორიის ინ-ტი.
264 ## - წარმოების, გამოცემის, დისტრიბუციის და სხვა ცნობები
გამოცემის, წარმოების, დისტრიბუციის... ადგილი თბილისი :
გამოცემის, წარმოების, დისტრიბუციის... სახელწოდება მეცნიერება,
გამოცემის, წარმოების, დისტრიბუციის... თარიღი 1979.
300 ## - ფიზიკური აღწერა
Extent 86 გვ. ;
Other physical details 21 სმ.
520 ## - SUMMARY, ETC.
Summary, etc რეზ. რუს.
653 ## - INDEX TERM--UNCONTROLLED
Uncontrolled term ჟურნალისტიკა
653 ## - INDEX TERM--UNCONTROLLED
Uncontrolled term ქართული ჟურნალისტიკის ისტორია
700 ## - ADDED ENTRY--PERSONAL NAME
Personal name კალანდაძე, ალ.
Relator term რედაქტორი
9 (RLIN) 3442
700 ## - ADDED ENTRY--PERSONAL NAME
Personal name რატიანი, შ.
Relator term რედაქტორი
9 (RLIN) 3443
710 ## - ADDED ENTRY--CORPORATE NAME
Corporate name or jurisdiction name as entry element შოთა რუსთაველის სახ. ქართული ლიტ-რის ისტორიის ინ-ტი.
9 (RLIN) 3444
942 ## - ADDED ENTRY ELEMENTS (KOHA)
Koha item type წიგნი
Source of classification or shelving scheme
ეგზემპლარები
ჩამოწერის სტატუსი დაკარგული ეგზემპლარის სტატუსი კლასიფიკაციის წყარო ან თაროზე გაწყობის სქემა დაზიანების სტატუსი არ გაიცემა მუდმივი მდებარეობა (დაცვის ადგილი) ამჟამინდელი ადგილსამყოფელი თაროზე განთავსების ადგილი შეძენის თარიღი ღირებულება, შესყიდვის ნორმალური ფასი სრული შენახვის შიფრი შტრიხკოდი ბოლო ოპერაციის თარიღი ეგზემპლარის მიმდევრობითი ნომერი (კეტერი?) ფასის ძალაში შესვლის თარიღი ეგზემპლარის სახეობა საჯარო შენიშვნა
          ბათუმის შოთა რუსთაველის სახელმწიფო უნივერსიტეტის მთავარი ბიბლიოთეკა ბათუმის შოთა რუსთაველის სახელმწიფო უნივერსიტეტის მთავარი ბიბლიოთეკა წიგნსაცავი 2018-12-17 1.00 070(474.22) ქ–27 5326 2018-12-17 5326 2018-12-17 წიგნი 1 ლ.